Footballing Brothers - Statistics

General Stats
  • This quiz has been taken 35 times
  • The average score is 14 of 34
Answer Stats
Name(s) Brother Last Name Country % Correct
Yaya Kolo Toure Ivory Coast
83%
Gary Phil Neville England
83%
Ronald Frank DeBoer Netherlands
77%
Michael Brian Laudrup Denmark
73%
Giuseppe Franco Baresi Italy
73%
Rio Anton Ferdinand England
60%
Simone Filippo Inzaghi Italy
60%
Bobby Jackie Charlton England
60%
Eden, Kylian Thorgan Hazard Belgium
57%
Shaun Bradley Wright-Phillips England
53%
Lars Sven Bender Germany
53%
John Justin Fashanu England
47%
Mbo Emile Mpenza Belgium
40%
Edwin Johnny Metgod Netherlands
40%
Shola Sammy Ameobi England
40%
Bradley Clive Allen England
37%
Nathan Kieron Dyer England
37%
Thomas Klaus Allofs West Germany
37%
Brian Mark Stein England
33%
Luuk Siem De Jong Netherlands
33%
Richard Rob Witschge Netherlands
30%
Ray, Danny Rod Wallace England
30%
Gerrie Arnold Muhren Netherlands
27%
Derek Barry Ferguson Scotland
27%
Brian Jimmy Greenhoff England
27%
Karl-Heinz Michael Rummenigge West Germany
27%
Ronald Erwin Koeman Netherlands
23%
Christian Jonathan Benteke Belgium
23%
Uli Dieter Hoeness West Germany
20%
Gary Kevin Mabbutt England
17%
Willy Rene Van de Kerkhof Netherlands
13%
Karl-Heinz Bernd Forster West Germany
10%
Herbert Heinz Hermann Switzerland
7%
Wesley Rodney Sneijder Netherlands
3%
No matching quizzes found
Score Distribution
Percent of People with Each Score
Percentile by Number Answered
Your Score History
You have not taken this quiz